<?xml version="1.0" encoding="UTF-8"?><?xml-stylesheet type="text/xsl" href="static/style.xsl"?><OAI-PMH xmlns="http://www.openarchives.org/OAI/2.0/" xmlns:xsi="http://www.w3.org/2001/XMLSchema-instance" xsi:schemaLocation="http://www.openarchives.org/OAI/2.0/ http://www.openarchives.org/OAI/2.0/OAI-PMH.xsd"><responseDate>2026-04-17T19:26:31Z</responseDate><request verb="GetRecord" identifier="oai:www.recercat.cat:10256/14387" metadataPrefix="marc">https://recercat.cat/oai/request</request><GetRecord><record><header><identifier>oai:recercat.cat:10256/14387</identifier><datestamp>2024-06-18T11:11:49Z</datestamp><setSpec>com_2072_452955</setSpec><setSpec>com_2072_2054</setSpec><setSpec>col_2072_452964</setSpec></header><metadata><record xmlns="http://www.loc.gov/MARC21/slim" xmlns:dcterms="http://purl.org/dc/terms/" xmlns:xsi="http://www.w3.org/2001/XMLSchema-instance" xmlns:doc="http://www.lyncode.com/xoai" xsi:schemaLocation="http://www.loc.gov/MARC21/slim http://www.loc.gov/standards/marcxml/schema/MARC21slim.xsd">
   <leader>00925njm 22002777a 4500</leader>
   <datafield ind2=" " ind1=" " tag="042">
      <subfield code="a">dc</subfield>
   </datafield>
   <datafield ind2=" " ind1=" " tag="720">
      <subfield code="a">Bartosik-Purgat, Małgorzata</subfield>
      <subfield code="e">author</subfield>
   </datafield>
   <datafield ind2=" " ind1=" " tag="720">
      <subfield code="a">Filimon, Nela</subfield>
      <subfield code="e">author</subfield>
   </datafield>
   <datafield ind2=" " ind1=" " tag="720">
      <subfield code="a">Hinner, Michael</subfield>
      <subfield code="e">author</subfield>
   </datafield>
   <datafield ind2=" " ind1=" " tag="260">
      <subfield code="c">2017</subfield>
   </datafield>
   <datafield ind2=" " ind1=" " tag="520">
      <subfield code="a">This research focuses on the impact of social media (SM) on their users’ behaviour&#xd;
vis-a-vis their decision to purchase goods and services online as well as their&#xd;
attitudes towards these media. The theoretical framework was grounded in the literature&#xd;
of consumers’ behaviour and their interaction with the digital media with a special&#xd;
focus on individual socio-demographics (age and gender). The literature overview&#xd;
allowed the construction of the research hypotheses taking into account the personal&#xd;
traits and the social media usage in terms of consumer activities. The empirical testing&#xd;
of the hypotheses was performed with quantitative methods of analysis applied&#xd;
to a dataset of SM users from six different countries (Poland, China, Spain, Germany,&#xd;
Turkey and US). Findings have shown that SM preferences and their frequency of use&#xd;
have different impacts on consumer behaviour both depending on individual characteristics.&#xd;
Some implications for business managers and marketeers are discussed</subfield>
   </datafield>
   <datafield ind1="8" ind2=" " tag="024">
      <subfield code="a">http://hdl.handle.net/10256/14387</subfield>
   </datafield>
   <datafield tag="653" ind2=" " ind1=" ">
      <subfield code="a">Xarxes socials en línia</subfield>
   </datafield>
   <datafield tag="653" ind2=" " ind1=" ">
      <subfield code="a">Online social networks</subfield>
   </datafield>
   <datafield ind2="0" ind1="0" tag="245">
      <subfield code="a">Determinants of social media’s use in consumer behaviour: an international comparison</subfield>
   </datafield>
</record></metadata></record></GetRecord></OAI-PMH>